000 00215nam a22000857a 4500
008 160823b xxu||||| |||| 00| 0 eng d
100 _9209
_aRuchi Arts
245 _aBetal Pachissi (Hindi)
260 _aNew Delhi
_bRuchi Arts
999 _c2867
_d2867